<?xml version="1.0" encoding="UTF-8"?><?xml-stylesheet type="text/xsl" href="static/style.xsl"?><OAI-PMH xmlns="http://www.openarchives.org/OAI/2.0/" xmlns:xsi="http://www.w3.org/2001/XMLSchema-instance" xsi:schemaLocation="http://www.openarchives.org/OAI/2.0/ http://www.openarchives.org/OAI/2.0/OAI-PMH.xsd"><responseDate>2026-04-17T17:18:20Z</responseDate><request verb="GetRecord" identifier="oai:www.recercat.cat:11351/12113" metadataPrefix="marc">https://recercat.cat/oai/request</request><GetRecord><record><header><identifier>oai:recercat.cat:11351/12113</identifier><datestamp>2025-10-24T10:19:02Z</datestamp><setSpec>com_2072_378070</setSpec><setSpec>com_2072_378040</setSpec><setSpec>col_2072_378092</setSpec></header><metadata><record xmlns="http://www.loc.gov/MARC21/slim" xmlns:dcterms="http://purl.org/dc/terms/" xmlns:xsi="http://www.w3.org/2001/XMLSchema-instance" xmlns:doc="http://www.lyncode.com/xoai" xsi:schemaLocation="http://www.loc.gov/MARC21/slim http://www.loc.gov/standards/marcxml/schema/MARC21slim.xsd">
   <leader>00925njm 22002777a 4500</leader>
   <datafield ind2=" " ind1=" " tag="042">
      <subfield code="a">dc</subfield>
   </datafield>
   <datafield ind2=" " ind1=" " tag="720">
      <subfield code="a">singh, nishita</subfield>
      <subfield code="e">author</subfield>
   </datafield>
   <datafield ind2=" " ind1=" " tag="720">
      <subfield code="a">Kenney, Carol</subfield>
      <subfield code="e">author</subfield>
   </datafield>
   <datafield ind2=" " ind1=" " tag="720">
      <subfield code="a">Butcher, Ken</subfield>
      <subfield code="e">author</subfield>
   </datafield>
   <datafield ind2=" " ind1=" " tag="720">
      <subfield code="a">Buck, Brian</subfield>
      <subfield code="e">author</subfield>
   </datafield>
   <datafield ind2=" " ind1=" " tag="720">
      <subfield code="a">Barber, Philip</subfield>
      <subfield code="e">author</subfield>
   </datafield>
   <datafield ind2=" " ind1=" " tag="720">
      <subfield code="a">Field, Thalia</subfield>
      <subfield code="e">author</subfield>
   </datafield>
   <datafield ind2=" " ind1=" " tag="720">
      <subfield code="a">Molina Cateriano, Carlos</subfield>
      <subfield code="e">author</subfield>
   </datafield>
   <datafield ind2=" " ind1=" " tag="260">
      <subfield code="c">2024-10-23T12:23:42Z</subfield>
   </datafield>
   <datafield ind2=" " ind1=" " tag="260">
      <subfield code="c">2024-10-23T12:23:42Z</subfield>
   </datafield>
   <datafield ind2=" " ind1=" " tag="260">
      <subfield code="c">2024-08</subfield>
   </datafield>
   <datafield ind2=" " ind1=" " tag="520">
      <subfield code="a">Minor stroke; Thrombolysis</subfield>
   </datafield>
   <datafield ind2=" " ind1=" " tag="520">
      <subfield code="a">Ictus lleu; Trombolisi</subfield>
   </datafield>
   <datafield ind2=" " ind1=" " tag="520">
      <subfield code="a">Ictus leve; Trombólisis</subfield>
   </datafield>
   <datafield ind2=" " ind1=" " tag="520">
      <subfield code="a">Background:&#xd;
Almost half of acute ischemic stroke patients present with mild symptoms and there are large practice variations in their treatment globally. Individuals with an intracranial occlusion who present with minor stroke are at an increased risk of early neurological deterioration and poor outcomes. Individual patient data meta-analysis in the subgroup of patients with minor deficits showed benefit of alteplase in improving outcomes; however, this benefit has not been seen with intravenous alteplase in published randomized trials.&#xd;
Design:&#xd;
TEMPO-2 (A Randomized Controlled Trial of Tenecteplase Versus Standard of Care for Minor Ischemic Stroke With Proven Occlusion) is a prospective, open label with blinded outcome assessment, randomized controlled trial, designed to test the superiority of intravenous tenecteplase (0.25 mg/kg) over nonthrombolytic standard of care, with an estimated sample size of 1274 patients. Adult patients presenting with acute ischemic stroke with the National Institutes of Health Stroke Scale (NIHSS) ⩽ 5 and visible arterial occlusion or perfusion deficit within 12 h of onset are randomized to receive either tenecteplase (0.25 mg/kg) or standard of care. The primary outcome is return to baseline neurological functioning, measured by the modified Rankin scale (mRS) at 90 days. Safety outcomes include death and symptomatic hemorrhage (intra or extra-cranial). Other secondary outcomes include mRS 0–1, mRS 0–2, ordinal shift analysis of the mRS, partial, and full recanalization on follow-up computed tomography angiogram.&#xd;
Conclusion:&#xd;
Results of this trial will aid in determining whether there is benefit of using tenecteplase (0.25 mg/kg) in treating patients presenting with minor stroke who are at high risk of developing poor outcomes due to presence of an intracranial occlusion.</subfield>
   </datafield>
   <datafield ind2=" " ind1=" " tag="520">
      <subfield code="a">This study was supported by the Heart and Stroke Foundation of Canada, Canadian Institute for Health Research, Alberta Innovates and British Heart Foundation. Intravenous Tenecteplase is off-the-shelf and supported by Boehringer Ingelheim.</subfield>
   </datafield>
   <datafield ind1="8" ind2=" " tag="024">
      <subfield code="a">http://hdl.handle.net/11351/12113</subfield>
   </datafield>
   <datafield tag="653" ind2=" " ind1=" ">
      <subfield code="a">Malalties cerebrovasculars - Tractament</subfield>
   </datafield>
   <datafield tag="653" ind2=" " ind1=" ">
      <subfield code="a">Teràpia intravenosa</subfield>
   </datafield>
   <datafield tag="653" ind2=" " ind1=" ">
      <subfield code="a">Teràpia trombolítica</subfield>
   </datafield>
   <datafield tag="653" ind2=" " ind1=" ">
      <subfield code="a">DISEASES::Nervous System Diseases::Central Nervous System Diseases::Brain Diseases::Cerebrovascular Disorders::Stroke</subfield>
   </datafield>
   <datafield tag="653" ind2=" " ind1=" ">
      <subfield code="a">Other subheadings::Other subheadings::Other subheadings::/drug therapy</subfield>
   </datafield>
   <datafield tag="653" ind2=" " ind1=" ">
      <subfield code="a">ANALYTICAL, DIAGNOSTIC AND THERAPEUTIC TECHNIQUES, AND EQUIPMENT::Therapeutics::Drug Therapy::Drug Administration Routes::Administration, Intravenous</subfield>
   </datafield>
   <datafield tag="653" ind2=" " ind1=" ">
      <subfield code="a">ANALYTICAL, DIAGNOSTIC AND THERAPEUTIC TECHNIQUES, AND EQUIPMENT::Therapeutics::Drug Therapy::Thrombolytic Therapy</subfield>
   </datafield>
   <datafield tag="653" ind2=" " ind1=" ">
      <subfield code="a">ENFERMEDADES::enfermedades del sistema nervioso::enfermedades del sistema nervioso central::enfermedades cerebrales::trastornos cerebrovasculares::accidente cerebrovascular</subfield>
   </datafield>
   <datafield tag="653" ind2=" " ind1=" ">
      <subfield code="a">Otros calificadores::Otros calificadores::Otros calificadores::/farmacoterapia</subfield>
   </datafield>
   <datafield tag="653" ind2=" " ind1=" ">
      <subfield code="a">TÉCNICAS Y EQUIPOS ANALÍTICOS, DIAGNÓSTICOS Y TERAPÉUTICOS::terapéutica::farmacoterapia::vías de administración de medicamentos::administración intravenosa</subfield>
   </datafield>
   <datafield tag="653" ind2=" " ind1=" ">
      <subfield code="a">TÉCNICAS Y EQUIPOS ANALÍTICOS, DIAGNÓSTICOS Y TERAPÉUTICOS::terapéutica::farmacoterapia::tratamiento trombolítico</subfield>
   </datafield>
   <datafield ind2="0" ind1="0" tag="245">
      <subfield code="a">A Randomized Controlled Trial of Tenecteplase Versus Standard of Care for Minor Ischemic Stroke with Proven Occlusion (TEMPO-2): Rational and design of a multicenter, randomized open-label clinical trial</subfield>
   </datafield>
</record></metadata></record></GetRecord></OAI-PMH>